LEADER 02069nam0 2200385 i 450 001 BVEE013970 005 20170908093159.0 012 $ax-m. mqo, r.im Assc (3) 1555 (R)$2fei 100 $a20130603d1555 ||||0itac50 ba 101 | $alat 102 $ach 181 1$6z01$ai $bxxxe 182 1$6z01$an 200 1 $a˜Martini Cromeri œDe origine et rebus gestis Polonorum libri 30. Adiecta est in fine, eiusdem autoris funebris oratio, Sigismundi regis uitam compendiose complexa 210 $aBasileae$cper Ioannem Oporinum$eBasileae$gex officina Ioannis Oporini$h1555 mense Augusto 215 $a\8!, 702 \i.e. 698, 42! p.$d2º 300 $aCors. ; gr. ; rom 300 $aSegn.: α⁴a-z⁴A-2X⁴2Y⁶2Z⁴3A-3D⁴3E-3F 223G-3Y3Z⁸ 300 $aOmesse nella numerazione le p. 597-600 300 $aIniziali xil 300 $aStemma di Sigismondo Augusto re di Polonia sul front 300 $aRitratti di Hans Saurdumm di Sigismondo Augusto re di Polonia sul v. del front. e di Sigismondo I re di Polonia a c. 3Qv. 316 $a1 v. (Sul front. timbro RB)$5IT-NA0079, SALA FARN.57. G 26 423 0$12001 $aFunebris oratio Sigismundi regis uitam compendiose complexa.$1700 1$aKromer$b, Marcin$f <1512-1589>$3BVEV017461$4070 700 1$aKromer$b, Marcin$f <1512-1589>$3BVEV017461$4070$0743609 702 1$aSaurdumm$b, Hans$c $3BVEV040203 712 02$aOporinus, Johann$3BVEV017552$4650 791 02$aOporin, Jean$3MILV234790$zOporinus, Johann 801 3$aIT$bIT-NA0079$c20130603 850 $aIT-NA0079 912 $aBVEE013970 950 0$aBiblioteca Nazionale Vittorio Emanuele III$c1 v.$d BNSALA FARN.57. G 26$e BNA010014754365 B 1 v. (Sul front. timbro RB)$fC $h20130603$i20130603$lSul front. timbro RB$mTimbri storici della biblioteca proprietaria 977 $a BN 996 $aDe origine et rebus gestis Polonorum libri 30. Adiecta est in fine, eiusdem autoris funebris oratio, Sigismundi regis uitam compendiose complexa$91479612 997 $aUNISANNIO